00345nam a22000977a 450000500170000010000780001724500740009526000270016930000090019670000420020520260629130346.0 aIkramullah Unar a23MSIT-02aSupervisor - Prof.Dr. Akhtar Hussain Jalbani aSindhi Language Named Entity Recognition Using Bert Model (Thesis MS) aNawabshahbQUESTc2025 a96p. aDepartment of Information Technology